The Reader's Digest Bible (Record no. 25285)
[ view plain ]
| 000 -LEADER | |
|---|---|
| fixed length control field | 00591nam a2200217Ia 4500 |
| 003 - CONTROL NUMBER IDENTIFIER | |
| control field | ARRUPE |
| 005 - DATE AND TIME OF LATEST TRANSACTION | |
| control field | 20170117100805.0 |
| 008 - FIXED-LENGTH DATA ELEMENTS--GENERAL INFORMATION | |
| fixed length control field | 130303s9999 xx 000 0 und d |
| 020 ## - INTERNATIONAL STANDARD BOOK NUMBER | |
| International Standard Book Number | 0895771063 |
| 040 ## - CATALOGING SOURCE | |
| Transcribing agency | ARRUPELIB |
| 050 ## - LIBRARY OF CONGRESS CALL NUMBER | |
| Classification number | REF BS125.R286 |
| 300 ## - PHYSICAL DESCRIPTION | |
| Other physical details | 799p. 24cm. |
| 245 #4 - TITLE STATEMENT | |
| Title | The Reader's Digest Bible |
| 245 ## - TITLE STATEMENT | |
| Remainder of title | condensed from the revised standard version old and new testaments |
| 260 ## - PUBLICATION, DISTRIBUTION, ETC. (IMPRINT) | |
| Place of publication, distribution, etc | New York |
| 260 ## - PUBLICATION, DISTRIBUTION, ETC. (IMPRINT) | |
| Name of publisher, distributor, etc | The Reader's Digest, Inc. |
| 300 ## - PHYSICAL DESCRIPTION | |
| Extent | xvi |
| 650 ## - SUBJECT ADDED ENTRY--TOPICAL TERM | |
| Topical term or geographic name as entry element | BIBLE |
| 9 (RLIN) | 14864 |
| 700 ## - ADDED ENTRY--PERSONAL NAME | |
| Personal name | Metzger, Bruce M. (ed.) |
| 9 (RLIN) | 28376 |
| 942 ## - ADDED ENTRY ELEMENTS (KOHA) | |
| Source of classification or shelving scheme | Library of Congress Classification |
| Koha item type | Monograph ( Printed materials) |
| Withdrawn status | Lost status | Source of classification or shelving scheme | Damaged status | Not for loan | Collection code | Home library | Current library | Shelving location | Date acquired | Total Checkouts | Full call number | Barcode | Date last seen | Copy number | Price effective from | Koha item type |
|---|---|---|---|---|---|---|---|---|---|---|---|---|---|---|---|---|
| Library of Congress Classification | Main Collection | ARRUPE LIBRARY | ARRUPE LIBRARY | Main Collection | 04/03/2013 | REF BS125.R286 | 46003037903 | 04/03/2013 | 1 | 04/03/2013 | REFERENCE |